<?xml version="1.0" encoding="UTF-8"?>
<marc:record xmlns:marc="http://www.loc.gov/MARC21/slim">
   <marc:leader>00000nam a2200000 a 4500</marc:leader>
   <marc:datafield ind1=" " ind2=" " tag="653">
      <marc:subfield code="a">Cassette</marc:subfield>
   </marc:datafield>
   <marc:datafield ind1=" " ind2=" " tag="653">
      <marc:subfield code="a">Jugendbuch / Märchen</marc:subfield>
   </marc:datafield>
   <marc:datafield ind1=" " ind2=" " tag="653">
      <marc:subfield code="a">Sagen</marc:subfield>
   </marc:datafield>
   <marc:datafield ind1=" " ind2=" " tag="653">
      <marc:subfield code="a">CD</marc:subfield>
   </marc:datafield>
   <marc:datafield ind1="0" ind2="0" tag="245">
      <marc:subfield code="a">Weltmärchen für Kinder - Märchen für Weltkinder</marc:subfield>
   </marc:datafield>
   <marc:datafield ind1="0" ind2="0" tag="245">
      <marc:subfield code="c">Sprecher Susi Müller ; Stefanie Schulze ; Thomas Holzapfel ...</marc:subfield>
   </marc:datafield>
   <marc:datafield ind1=" " ind2="1" tag="264">
      <marc:subfield code="a">München</marc:subfield>
      <marc:subfield code="b">Trivero</marc:subfield>
      <marc:subfield code="c">2006</marc:subfield>
   </marc:datafield>
   <marc:datafield ind1="1" ind2=" " tag="520">
      <marc:subfield code="a">Angaben aus der Verlagsmeldung

Weltmärchen für Kinder - Märchen für Weltkinder : Volume 2 Kleine Helden - Grosse Kerle

Exotische Erzählungen aus Hawaii, China, Schweden, Kurdistan, Mesopotamien, Indonesien, Nordische Mythologie, Cheyenne, Böhmen und Japan.
Professionelle Sprecher – exotische Märchen - exklusive Gestaltung.
Wundersame Erzählungen über die starke Bande von Männerfreundschaften, über harte Kämpfe, die teils erfolgreich, teils auch verlustreich ausgehen und über das Streben nach Ehre und Anerkennung. Die Hauptrollen spielen dabei harte Männer, die oft jedoch einen ganz weichen Kern haben.
Playlist, mit Spielzeiten:
1. Acht Krieger (Hawaii 7:43)
2. Der Schwalbenmeister (China 10:51)
3. Aufrechter Gang (Schweden 4:20)
4. Babalak (Kurdistan 3:43)
5. Gilgamesch (Mesopotamien 19:17)
6. Nicht mit ihr und nicht ohne sie (Indonesien 5:00)
7. Odins Raub (Nordische Mythologie 9:40)
8. Zeit zu kämpfen (Cheyenne 5:27)
9. Was hängt lass’ hängen (Böhmen 3:57)
Sprecher:Susi Müller (Stimme von ‚Herzblatt’), Stefanie Schulze (Sängerin), Thomas Holzapfel (1. Bariton Gärtnerplatz-Theater München), Eggolf von Lerchenfeld (Radio-Moderator, Rhetorik-Trainer).
Die Hörbuch-Reihe gewährt Einblick in ferne und unbekannte Traditionen, Kulturen und Bräuche. Hier gibt es viel Neues und Unglaubliches von der Exotik ferner Kulturen um die Ohren.
</marc:subfield>
   </marc:datafield>
   <marc:datafield ind1=" " ind2=" " tag="020">
      <marc:subfield code="a">9783937545080</marc:subfield>
      <marc:subfield code="9">9783937545080</marc:subfield>
   </marc:datafield>
   <marc:datafield ind1=" " ind2=" " tag="020">
      <marc:subfield code="a">3937545085</marc:subfield>
      <marc:subfield code="9">3937545085</marc:subfield>
   </marc:datafield>
   <marc:datafield ind1=" " ind2=" " tag="041">
      <marc:subfield code="a">ger</marc:subfield>
   </marc:datafield>
   <marc:datafield ind1=" " ind2=" " tag="300">
      <marc:subfield code="a">1 CD</marc:subfield>
   </marc:datafield>
</marc:record>
